000 00760nam a2200289Ia 4500
005 20260324141808.0
008 008 260324s9999 xx 000 0 eng d
020 _a9781315049519
037 _aEBOOK
040 _aCRL
040 _beng
040 _cCRL
041 _2eng
041 _aeng
084 _qCRL
100 _aErnest L. Boyer; Craig Kridel; Robert V. Bullough, Jr.; Paul Shaker
_91209545
245 0 _aTeachers and Mentors
245 0 _bProfiles of Distinguished Twentieth-Century Professors of Education
260 _bTaylor and Francis
260 _c1996
365 _a
365 _b280
856 _uhttp://www.taylorfrancis.com/books/9781315049519
942 _cEBOOK
999 _c1813007
_d1813007